| 000 | 00467nam a2200169 i 4500 | ||
|---|---|---|---|
| 001 | 32693 | ||
| 003 | ES-MaACL | ||
| 005 | 20240522063033.0 | ||
| 007 | t| | ||
| 008 | 030131s1931 fr ||||1| fre d | ||
| 100 | 0 |
_aBenoit, Pierre, _d1886-1962 _927757 |
|
| 245 | 1 | 3 |
_aLe dejeuner de Sonsceyrac _b: roman / _cPierre Benoit. |
| 260 |
_aParis : _bBussou, _c1931. |
||
| 300 |
_a312 p. ; _c19 cm. |
||
| 852 |
_aES-MaACL _jE-1147 |
||
| 999 |
_c32693 _d32693 |
||